Novela zákona o cestovných náhradách

NR SR dňa 4. februára 2005 schválila novelu zákona č. 283/2002 Z.z. o cestovných náhradách v znení zákona č. 530/2004 Z.z. Novela zákona bola uverejnená v Zbierke zákonov SR v čiastke 37 pod č. 81/2005 Z.z. a nadobudla účinnosť 1. apríla 2005. Upresňuje a rozširuje niektoré ustanovenia týkajúce sa...

Ausführliche Beschreibung

Gespeichert in:
Bibliographische Detailangaben
1. Verfasser: Minková, Ľuboslava
Format: Buchkapitel
Sprache:Slowakisch
Schlagworte:
Tags: Tag hinzufügen
Keine Tags, Fügen Sie das erste Tag hinzu!

MARC

LEADER 00000naa$a2200000$$$4500
001 0029000
005 20231109113519.1
041 0 |a slo 
044 |a SK 
245 1 0 |a Novela zákona o cestovných náhradách  |c Ľuboslava Minková 
520 |a NR SR dňa 4. februára 2005 schválila novelu zákona č. 283/2002 Z.z. o cestovných náhradách v znení zákona č. 530/2004 Z.z. Novela zákona bola uverejnená v Zbierke zákonov SR v čiastke 37 pod č. 81/2005 Z.z. a nadobudla účinnosť 1. apríla 2005. Upresňuje a rozširuje niektoré ustanovenia týkajúce sa cestovných náhrad. Praktické príklady. 
610 2 0 |a zákony 
610 2 0 |a novelizácia 
610 2 0 |a náhrada cestovného 
610 2 0 |a zamestnanci 
610 2 0 |a zamestnávatelia 
610 2 0 |a Slovensko 
100 1 |a Minková, Ľuboslava